[Event "SK Bebenhausen 1992-Hamburger SK von 183"]
[Site "Osnabrück"]
[Date "2012.12.28"]
[Round "3.1"]
[White "Colpe, Malte"]
[Black "Zimmermann, Ulrich"]
[Result "0-1"]
[WhiteElo "2331"]
[BlackElo "2224"]
[PlyCount "104"]
[EventDate "2012.??.??"]
[WhiteTeam "Hamburger SK von 1830"]
[BlackTeam "SK Bebenhausen 1992"]

1. d4 Nf6 2. c4 e6 3. Nc3 d5 4. cxd5 exd5 5. Bg5 Be7 6. e3 c6 7. Bd3 Bg4 8. Qc2
Bh5 9. Nge2 Bg6 10. Ng3 Nbd7 11. Bf4 Nf8 12. Be5 Bxd3 13. Qxd3 Ng6 14. Nf5 O-O
15. Bg3 Bb4 16. f3 Ne7 17. O-O Re8 18. Bf2 Nxf5 19. Qxf5 Qd7 20. Qxd7 Nxd7 21.
Rac1 Nb6 22. Rfe1 f5 23. a3 Bxc3 24. Rxc3 a5 25. Rb3 Ra6 26. Bg3 a4 27. Rb4 Re7
28. h4 Nc4 29. e4 fxe4 30. fxe4 b6 31. exd5 Rxe1+ 32. Bxe1 cxd5 33. Rb5 Ra8 34.
Rxd5 Nxb2 35. Bb4 Nd3 36. Bd2 Rc8 37. Rb5 Rc2 38. Bg5 h6 39. Be7 Kf7 40. Bd6
Rc6 41. Bg3 Rc3 42. Bd6 Rb3 43. Rh5 g6 44. Rxh6 Kg7 45. Bf8+ Kxf8 46. Rxg6 Kf7
47. Rc6 Rxa3 48. Rxb6 Rb3 49. Ra6 a3 50. d5 Nb4 51. Ra7+ Kf6 52. d6 a2 0-1

[Event "SK Bebenhausen 1992-Hamburger SK von 183"]
[Site "Osnabrück"]
[Date "2012.12.28"]
[Round "3.4"]
[White "Kaulich, Philipp Theodor"]
[Black "Gharibyan, Harutyun"]
[Result "1-0"]
[WhiteElo "2085"]
[BlackElo "2093"]
[PlyCount "119"]
[EventDate "2012.??.??"]
[WhiteTeam "SK Bebenhausen 1992"]
[BlackTeam "Hamburger SK von 1830"]

1. c4 Nf6 2. Nc3 e5 3. g3 d5 4. cxd5 Nxd5 5. Bg2 Nb6 6. Nf3 Nc6 7. O-O Be7 8.
d3 O-O 9. Be3 Be6 10. Qc1 f6 11. Rd1 Nd4 12. Bxd4 exd4 13. Ne4 Qd5 14. Nc5 Bxc5
15. Qxc5 Rfd8 16. Rdc1 c6 17. a4 Qd6 18. b4 Nc8 19. b5 Ne7 20. Nd2 Qxc5 21.
Rxc5 Bd5 22. Bxd5+ Rxd5 23. Rxd5 Nxd5 24. bxc6 bxc6 25. Nb3 Nc3 26. Nxd4 c5 27.
Nb3 Nxe2+ 28. Kf1 Nd4 29. Nxc5 Rc8 30. Rc1 Ne6 31. Nb3 Rxc1+ 32. Nxc1 Nd4 33.
Ne2 Ne6 34. Nc3 Kf7 35. Ke2 Ke7 36. Ke3 a6 37. d4 Kd6 38. Kd3 f5 39. Na2 g5 40.
Nb4 a5 41. Nc2 f4 42. Ke4 fxg3 43. fxg3 g4 44. Kf5 Kd5 45. Kxg4 Nxd4 46. Nxd4
Kxd4 47. Kf4 Kc4 48. g4 Kb4 49. g5 Kxa4 50. h4 Kb3 51. h5 a4 52. g6 hxg6 53. h6
a3 54. h7 Kb2 55. h8=Q+ Kb1 56. Qh1+ Kb2 57. Qg2+ Kb1 58. Qf1+ Kb2 59. Qe2+ Kb1
60. Qe1+ 1-0

[Event "SK Bebenhausen 1992-Hamburger SK von 183"]
[Site "Osnabrück"]
[Date "2012.12.28"]
[Round "3.5"]
[White "Grötzbach, Julian"]
[Black "Gibicar, Danijel"]
[Result "0-1"]
[WhiteElo "2019"]
[BlackElo "2076"]
[PlyCount "80"]
[EventDate "2012.??.??"]
[WhiteTeam "Hamburger SK von 1830"]
[BlackTeam "SK Bebenhausen 1992"]

1. e4 e6 2. d4 d5 3. Nc3 Bb4 4. Nge2 dxe4 5. a3 Bxc3+ 6. Nxc3 Nc6 7. d5 exd5 8.
Qxd5 Be6 9. Qxe4 Nf6 10. Qh4 Bf5 11. Bb5 O-O 12. Bxc6 bxc6 13. O-O Nd5 14. Qc4
Qd6 15. Ne2 Rfe8 16. Ng3 Bg6 17. Bd2 Nb6 18. Qf4 Rad8 19. Qxd6 cxd6 20. Rac1
Nc4 21. Bc3 c5 22. f4 f6 23. f5 Bf7 24. a4 d5 25. b3 Ne3 26. Rfe1 d4 27. Bd2
Re5 28. Bxe3 dxe3 29. Re2 c4 30. b4 Rd2 31. Rce1 c3 32. Rxe3 Rxc2 33. Rxe5 fxe5
34. Ne2 Bc4 35. Nc1 Bd5 36. Ne2 Bc4 37. Nc1 e4 38. h3 e3 39. Kh2 Bd5 40. Ne2
Rd2 0-1

[Event "SG Bochum 1931-SAbt Frankfurter TV 1860"]
[Site "Osnabrück"]
[Date "2012.12.28"]
[Round "3.1"]
[White "Meier, Lars"]
[Black "Tkachuk, Konstantyn"]
[Result "1/2-1/2"]
[WhiteElo "2045"]
[BlackElo "2236"]
[PlyCount "93"]
[EventDate "2012.??.??"]
[WhiteTeam "SAbt Frankfurter TV 1860"]
[BlackTeam "SG Bochum 1931"]

1. d4 Nf6 2. f4 d5 3. Nf3 Bf5 4. e3 e6 5. Bd3 c6 6. O-O Bd6 7. c3 Nbd7 8. Ne5
Bxd3 9. Qxd3 Ne4 10. Nd2 f5 11. Ndf3 O-O 12. c4 Nxe5 13. Nxe5 Bxe5 14. fxe5
dxc4 15. Qxc4 Qd5 16. b3 Rfd8 17. Ba3 Nd2 18. Qxd5 Rxd5 19. Rf2 Ne4 20. Rc2
Rad8 21. Rf1 h5 22. h3 Kf7 23. g4 g6 24. Rg2 c5 25. gxf5 gxf5 26. Bb2 b6 27.
Rf4 R5d7 28. Kh2 Rg8 29. Rxg8 Kxg8 30. Rf1 Kf7 31. Rg1 Rd8 32. Rg2 Rc8 33. Rc2
Rd8 34. a3 Rd7 35. b4 cxb4 36. axb4 a5 37. bxa5 bxa5 38. Rc6 Ra7 39. Ba3 Rd7
40. Ra6 f4 41. exf4 Rxd4 42. f5 Rd2+ 43. Kg1 Ng5 44. Ra7+ Ke8 45. fxe6 Nf3+ 46.
Kf1 Nh2+ 47. Ke1 1/2-1/2

[Event "SG Bochum 1931-SAbt Frankfurter TV 1860"]
[Site "Osnabrück"]
[Date "2012.12.28"]
[Round "3.2"]
[White "Mazarov, Jürgen"]
[Black "Medvedovski, Michael"]
[Result "1/2-1/2"]
[WhiteElo "2142"]
[BlackElo "1915"]
[PlyCount "108"]
[EventDate "2012.??.??"]
[WhiteTeam "SG Bochum 1931"]
[BlackTeam "SAbt Frankfurter TV 1860"]

1. e4 c5 2. Nf3 Nc6 3. d4 cxd4 4. Nxd4 e5 5. Nb5 a6 6. Nd6+ Bxd6 7. Qxd6 Qf6 8.
Qxf6 Nxf6 9. Nc3 Nb4 10. Bd3 h6 11. Be3 Nxd3+ 12. cxd3 d6 13. a4 Be6 14. a5 Rc8
15. f3 d5 16. Na4 Nd7 17. O-O O-O 18. exd5 Bxd5 19. Nc3 Be6 20. f4 exf4 21.
Rxf4 Ne5 22. Rd1 Rfd8 23. d4 Nc4 24. Bc1 g5 25. Rf2 Rd7 26. d5 Rcd8 27. Rdf1
Bxd5 28. Nxd5 Rxd5 29. Rxf7 R5d7 30. R7f6 Rd1 31. b4 Rxf1+ 32. Rxf1 Kg7 33. h4
gxh4 34. Kh2 Rd4 35. Re1 Kf7 36. Bxh6 Nb2 37. Rf1+ Kg6 38. Bf8 Nc4 39. Bc5 Re4
40. Rf8 Re5 41. Rb8 Kf5 42. Rxb7 Nxa5 43. Rh7 Nb3 44. Bf2 Kg6 45. Rxh4 a5 46.
bxa5 Nxa5 47. Rd4 Re6 48. g4 Nc6 49. Rd5 Nb4 50. Rd2 Nc6 51. Kg3 Ne5 52. Re2
Kf7 53. Re4 Nxg4 54. Rxg4 Rg6 1/2-1/2

[Event "SG Bochum 1931-SAbt Frankfurter TV 1860"]
[Site "Osnabrück"]
[Date "2012.12.28"]
[Round "3.3"]
[White "Keller, Peter"]
[Black "Kahleys, Kevin"]
[Result "0-1"]
[WhiteElo "2078"]
[BlackElo "2181"]
[PlyCount "112"]
[EventDate "2012.??.??"]
[WhiteTeam "SAbt Frankfurter TV 1860"]
[BlackTeam "SG Bochum 1931"]

1. e4 e6 2. Nf3 d5 3. Nc3 Nf6 4. e5 Nfd7 5. d4 c5 6. dxc5 Nc6 7. Bf4 Bxc5 8.
Bd3 f6 9. exf6 Nxf6 10. O-O O-O 11. Ne5 Bd7 12. Qe2 Qe7 13. Rae1 Rae8 14. Bg3
a6 15. Kh1 Bd4 16. Qd2 Bxe5 17. Bxe5 Nxe5 18. Rxe5 Ng4 19. Re2 Qd6 20. f4 Bc6
21. h3 Nf6 22. Re5 g6 23. Rg5 Kg7 24. Qf2 d4 25. Ne2 Rd8 26. Ng3 Kf7 27. f5
exf5 28. Bxf5 Rfe8 29. Bd3 Re3 30. Bc4+ Ke7 31. Re1 Rxe1+ 32. Qxe1+ Kd7 33. Re5
Re8 34. Rxe8 Nxe8 35. Ne4 Qe5 36. Bd3 Nd6 37. Qg3 Qxg3 38. Nxg3 Ke6 39. Kg1 Ke5
40. Kf2 b5 41. b3 a5 42. h4 a4 43. h5 gxh5 44. Bxh7 h4 45. Ne2 a3 46. Bd3 Ne4+
47. Kf1 Nf6 48. Kf2 Nd5 49. g3 h3 50. Kg1 Nb4 51. Nc1 Nxd3 52. cxd3 b4 53. Kh2
Bd7 54. Ne2 Bg4 55. Nf4 Bd1 56. Kxh3 Bxb3 0-1

[Event "SG Bochum 1931-SAbt Frankfurter TV 1860"]
[Site "Osnabrück"]
[Date "2012.12.28"]
[Round "3.5"]
[White "Pham-Tran, Phuong-Bao"]
[Black "Budszuhn, Timo"]
[Result "1-0"]
[WhiteElo "1787"]
[BlackElo "1924"]
[PlyCount "63"]
[EventDate "2012.??.??"]
[WhiteTeam "SAbt Frankfurter TV 1860"]
[BlackTeam "SG Bochum 1931"]

1. c4 Nf6 2. g3 g6 3. Bg2 d5 4. cxd5 Nxd5 5. Nc3 Nxc3 6. bxc3 Bg7 7. Nf3 O-O 8.
O-O Nd7 9. Qc2 Nb6 10. d3 Bd7 11. a4 Bxa4 12. Rxa4 Nxa4 13. Qxa4 c6 14. Be3 Qc7
15. Rb1 b5 16. Qa3 e5 17. Bc5 Rfd8 18. Ng5 a5 19. Ne4 Bf8 20. Bxf8 Rxf8 21. Qc5
Rab8 22. Nd6 Rfd8 23. Nxb5 Qc8 24. Qxc6 Qg4 25. Qe4 Qg5 26. Qe3 Qf6 27. c4 a4
28. Qa7 Rb6 29. Qxa4 Ra6 30. Qc2 Ra5 31. Qb2 Qa6 32. Qxe5 1-0

[Event "TuS Coswig 1920-SG Solingen"]
[Site "Osnabrück"]
[Date "2012.12.28"]
[Round "3.5"]
[White "Shishkov, Mark"]
[Black "Merker, Konstantin"]
[Result "0-1"]
[WhiteElo "1885"]
[BlackElo "1727"]
[PlyCount "88"]
[EventDate "2012.??.??"]
[WhiteTeam "SG Solingen"]
[BlackTeam "TuS Coswig 1920"]

1. d4 Nf6 2. c4 g6 3. Nc3 Bg7 4. e4 d6 5. Nf3 O-O 6. h3 c5 7. d5 e6 8. Bd3 exd5
9. exd5 Re8+ 10. Be3 Nbd7 11. Qd2 Bh6 12. O-O-O Bxe3 13. fxe3 a6 14. Rhf1 b5
15. cxb5 c4 16. Bxc4 axb5 17. Bxb5 Ba6 18. Bxa6 Rxa6 19. Nd4 Qb6 20. Qf2 Rb8
21. Rd2 Rf8 22. g4 Qc5 23. Nb3 Qc7 24. Rc2 Qb7 25. e4 Raa8 26. Qh4 Kg7 27. Rcf2
Ng8 28. Qg3 Ne5 29. Nc5 Qc7 30. Rxf7+ Rxf7 31. Ne6+ Kh8 32. Nxc7 Rxf1+ 33. Kc2
Raf8 34. N7b5 R8f3 35. Qh4 R1f2+ 36. Kb3 Nf7 37. Nd4 Rf6 38. Nf5 Rh2 39. Qg3
Rh1 40. Qg2 Ra1 41. Ne3 Ne5 42. Ned1 Nd3 43. a3 Rf8 44. Kc2 Ne1+ 0-1

[Event "SF Brackel 1930-SC Forchheim"]
[Site "Osnabrück"]
[Date "2012.12.28"]
[Round "3.3"]
[White "Killmann, Martin"]
[Black "Reisberg, Andre"]
[Result "1-0"]
[WhiteElo "1946"]
[BlackElo "1951"]
[PlyCount "43"]
[EventDate "2012.??.??"]
[WhiteTeam "SC Forchheim"]
[BlackTeam "SF Brackel 1930"]

1. d4 d5 2. c4 c6 3. Nf3 Nf6 4. Nc3 e6 5. Bg5 h6 6. Bxf6 Qxf6 7. e3 g6 8. Bd3
Nd7 9. O-O Bg7 10. Qc2 O-O 11. e4 dxe4 12. Nxe4 Qe7 13. c5 e5 14. dxe5 Nxe5 15.
Nxe5 Qxe5 16. Rab1 Qc7 17. Nd6 Be5 18. Bc4 Kh7 19. Rbd1 b6 20. Rfe1 Bf6 21. Ne8
Qf4 22. g3 1-0

[Event "SF Brackel 1930-SC Forchheim"]
[Site "Osnabrück"]
[Date "2012.12.28"]
[Round "3.4"]
[White "van Klev, Fabian"]
[Black "Stephan, Michael"]
[Result "0-1"]
[WhiteElo "1788"]
[BlackElo "1843"]
[PlyCount "68"]
[EventDate "2012.??.??"]
[WhiteTeam "SF Brackel 1930"]
[BlackTeam "SC Forchheim"]

1. Nf3 c5 2. c4 Nc6 3. Nc3 g6 4. g3 Bg7 5. Bg2 e6 6. O-O Nge7 7. d3 O-O 8. Bd2
d5 9. Rb1 d4 10. Na4 Qd6 11. a3 b6 12. b4 Rb8 13. Qc2 Bd7 14. Rb2 e5 15. Rfb1
Rbc8 16. bxc5 bxc5 17. Ng5 f5 18. Rb7 h6 19. Bd5+ Nxd5 20. cxd5 Nd8 21. Rxa7
hxg5 22. Bxg5 Qxd5 23. Nb6 Qc6 24. Qc4+ Be6 25. Nxc8 Qxc8 26. Qa6 Re8 27. Bxd8
Rxd8 28. Rbb7 Bf8 29. Qb6 Rd6 30. Qb5 Qc6 31. a4 c4 32. Qxe5 Rd7 33. Rxd7 Bxd7
34. Qxd4 Be6 0-1

[Event "SV Empor Berlin-Königsspringer SC Hambur"]
[Site "Osnabrück"]
[Date "2012.12.28"]
[Round "3.2"]
[White "Sivakumaran, Ramash"]
[Black "Stanau, Guido"]
[Result "1-0"]
[WhiteElo "1869"]
[BlackElo "1977"]
[PlyCount "153"]
[EventDate "2012.??.??"]
[WhiteTeam "SV Empor Berlin"]
[BlackTeam "Königsspringer SC Hamburg 1984"]

1. c4 c5 2. Nf3 g6 3. g3 Bg7 4. Bg2 Nf6 5. O-O O-O 6. Nc3 Nc6 7. a3 d6 8. d3
Bg4 9. h3 Bd7 10. Bd2 Rb8 11. Rb1 Nd4 12. Nxd4 cxd4 13. Nb5 Qb6 14. a4 a6 15.
a5 Qc5 16. Na3 Rfc8 17. b4 Qa7 18. Kh2 b6 19. axb6 Qxb6 20. Qb3 Be6 21. Rfc1
Nd7 22. Qd1 Qa7 23. Ra1 Qc7 24. Ra2 h5 25. h4 Ne5 26. Rca1 Ng4+ 27. Kg1 Be5 28.
Be1 f5 29. Nc2 f4 30. gxf4 Bxf4 31. Nxd4 Bh2+ 32. Kf1 Rf8 33. Nf3 d5 34. Rxa6
Qd7 35. cxd5 Qxd5 36. R1a5 Qd7 37. Ra7 Qd4 38. Qa1 Qf4 39. Bd2 Qf7 40. Bg5 Rfe8
41. Qd4 Bd6 42. b5 Red8 43. Qb2 Bc5 44. Rc7 Rdc8 45. Rxc8+ Bxc8 46. d4 Bb6 47.
Ra1 e5 48. dxe5 Bxf2 49. Bf6 Qc4 50. Qa2 Qxa2 51. Rxa2 Rxb5 52. Nd2 Rc5 53. Nb3
Rc3 54. Bd5+ Kf8 55. Ra8 Ne3+ 56. Kxf2 Nxd5 57. Nd4 Nxf6 58. exf6 Kf7 59. Nb5
Rc6 60. Rxc8 Rxc8 61. Nd6+ Kxf6 62. Nxc8 g5 63. hxg5+ Kxg5 64. Nd6 Kf4 65. Nc4
Ke4 66. Nd2+ Kf4 67. Nf3 Ke4 68. Nh4 Kf4 69. e3+ Ke4 70. Ke2 Ke5 71. Kf3 Kd6
72. Ke4 Ke6 73. Kf4 Kf6 74. e4 Ke6 75. e5 Ke7 76. Nf3 Ke6 77. Kg5 1-0

[Event "SV Empor Berlin-Königsspringer SC Hambur"]
[Site "Osnabrück"]
[Date "2012.12.28"]
[Round "3.3"]
[White "Lock, Adrian"]
[Black "Salz, Matthias"]
[Result "1-0"]
[WhiteElo "2002"]
[BlackElo "1713"]
[PlyCount "47"]
[EventDate "2012.??.??"]
[WhiteTeam "Königsspringer SC Hamburg 1984"]
[BlackTeam "SV Empor Berlin"]

1. e4 c5 2. Nf3 Nc6 3. Bb5 g6 4. Bxc6 bxc6 5. d3 Bg7 6. O-O Rb8 7. c3 Nf6 8.
Qc2 O-O 9. Be3 d6 10. h3 Ba6 11. Nbd2 d5 12. e5 Nd7 13. Bf4 Qc7 14. Rfe1 f6 15.
exf6 Qxf4 16. fxg7 Rf7 17. d4 Kxg7 18. Re6 cxd4 19. cxd4 Bb5 20. Rae1 Kf8 21.
a4 Bxa4 22. Qxa4 Rxb2 23. Qxc6 Rxd2 24. Qxd7 1-0

[Event "SV Empor Berlin-Königsspringer SC Hambur"]
[Site "Osnabrück"]
[Date "2012.12.28"]
[Round "3.4"]
[White "Schabe, Felix"]
[Black "Raider, Eugen"]
[Result "0-1"]
[WhiteElo "1798"]
[BlackElo "1958"]
[PlyCount "44"]
[EventDate "2012.??.??"]
[WhiteTeam "SV Empor Berlin"]
[BlackTeam "Königsspringer SC Hamburg 1984"]

1. e4 c5 2. Nf3 Nc6 3. c3 d5 4. exd5 Qxd5 5. Be2 e5 6. d3 Be7 7. c4 Qd6 8. Nc3
Nf6 9. Bg5 Be6 10. Bh4 a6 11. h3 h6 12. g4 O-O-O 13. Qd2 Qc7 14. Qe3 Nd4 15.
O-O-O h5 16. Nxe5 hxg4 17. Bxf6 gxf6 18. Nxg4 Bd6 19. Kb1 Bf4 20. Qe4 f5 21.
Qg2 fxg4 22. Bxg4 f5 0-1

[Event "Hagener SV-Sfr. Heidesheim"]
[Site "Osnabrück"]
[Date "2012.12.28"]
[Round "3.2"]
[White "Böhning, Kilian"]
[Black "Carow, Annelen"]
[Result "0-1"]
[WhiteElo "2004"]
[BlackElo "2079"]
[PlyCount "106"]
[EventDate "2012.??.??"]
[WhiteTeam "Hagener SV"]
[BlackTeam "Sfr. Heidesheim"]

1. e4 c5 2. Nf3 e6 3. d4 cxd4 4. Nxd4 a6 5. Nc3 Qc7 6. Bd3 Nf6 7. O-O Bc5 8.
Nb3 Be7 9. f4 d6 10. a4 Nc6 11. Be3 b6 12. Qf3 Rb8 13. Kh1 Bb7 14. Qg3 g6 15.
h3 O-O 16. f5 Ne5 17. Nd4 Nh5 18. Qf2 Nxd3 19. cxd3 d5 20. Kg1 e5 21. g4 exd4
22. Bxd4 dxe4 23. gxh5 exd3 24. f6 Qc6 25. Qf3 Bc5 26. Bxc5 Qxc5+ 27. Qf2 Qxh5
28. Qg3 Qc5+ 29. Kh2 Rbd8 30. Rad1 Qd6 31. Rd2 Qxg3+ 32. Kxg3 Rd4 33. Re1 h5
34. Re7 Bc8 35. Ne4 Bf5 36. Ng5 Rd6 37. Ne4 Bxe4 38. Rxe4 Rxf6 39. Rxd3 Rc8 40.
b4 Kg7 41. h4 Rfc6 42. Rd7 Rc3+ 43. Kf2 Rc2+ 44. Ke3 R8c3+ 45. Kf4 Rc4 46. Rdd4
Rxd4 47. Rxd4 Rc6 48. Ke5 Re6+ 49. Kd5 Kf6 50. b5 axb5 51. axb5 Ke7 52. Ra4
Rd6+ 53. Ke5 f6+ 0-1

[Event "Hagener SV-Sfr. Heidesheim"]
[Site "Osnabrück"]
[Date "2012.12.28"]
[Round "3.5"]
[White "Luzius, Jannik"]
[Black "Wierum, Colin"]
[Result "0-1"]
[WhiteElo "1519"]
[BlackElo "1824"]
[PlyCount "114"]
[EventDate "2012.??.??"]
[WhiteTeam "Sfr. Heidesheim"]
[BlackTeam "Hagener SV"]

1. c4 g6 2. g3 Bg7 3. Bg2 c5 4. Nc3 Nc6 5. d3 e5 6. Rb1 Nge7 7. e3 O-O 8. Nge2
d6 9. O-O Be6 10. a3 d5 11. b3 b6 12. Bb2 Qd7 13. cxd5 Nxd5 14. Nxd5 Bxd5 15.
Bxd5 Qxd5 16. Nc3 Qe6 17. Qc2 Rad8 18. Rbd1 f5 19. Ne2 Rd6 20. Qc4 Kf7 21.
Qxe6+ Kxe6 22. Rd2 Rfd8 23. Rfd1 Na5 24. Nc1 c4 25. b4 Nc6 26. Bc3 cxd3 27.
Rxd3 Rxd3 28. Rxd3 Rxd3 29. Nxd3 Kd5 30. Nb2 Bf8 31. f4 exf4 32. exf4 a5 33.
bxa5 bxa5 34. a4 Bb4 35. Bf6 Nd4 36. h3 Ba3 37. Nd1 Nc6 38. Nc3+ Kc4 39. Kf1
Bb2 40. Nd5 Bxf6 41. Nxf6 Kb3 42. Nxh7 Kxa4 43. Ng5 Kb4 44. Nf3 a4 45. Ke2 a3
46. Ne1 a2 47. Nc2+ Kc3 48. Kd1 Nb4 49. Na1 Nd5 50. Ke2 Kb2 51. Kd2 Nf6 52. Kd3
Ne4 53. g4 fxg4 54. hxg4 Nf2+ 55. Ke2 Nxg4 56. Nc2 Nf6 57. Kd3 Nd5 0-1

[Event "SC Heitersheim-Heilbronner SV"]
[Site "Osnabrück"]
[Date "2012.12.28"]
[Round "3.1"]
[White "Peng, Xiang-Tobias"]
[Black "Grunau, Christoph"]
[Result "0-1"]
[WhiteElo "1802"]
[BlackElo "2008"]
[PlyCount "100"]
[EventDate "2012.??.??"]
[WhiteTeam "Heilbronner SV"]
[BlackTeam "SC Heitersheim"]

1. e4 c5 2. Nf3 d6 3. d4 cxd4 4. Nxd4 Nf6 5. Nc3 a6 6. Be3 e5 7. Nf3 Be7 8. Bc4
O-O 9. O-O Nc6 10. Qe2 Be6 11. Ng5 Bxc4 12. Qxc4 Ng4 13. Nh3 Nxe3 14. fxe3 Rc8
15. Qe2 Bg5 16. Nd5 Bh6 17. Qh5 Ne7 18. Nf6+ Kh8 19. Ng4 Ng8 20. Nxh6 Nxh6 21.
c3 Rc4 22. Ng5 Qe8 23. Qf3 f6 24. Rad1 Kg8 25. Nh3 Nf7 26. Rd5 Qc6 27. Rfd1 b5
28. a3 a5 29. Nf2 b4 30. cxb4 axb4 31. b3 Rc3 32. axb4 Qb6 33. R1d3 Qxb4 34.
Rxc3 Qxc3 35. Qd1 Qxe3 36. b4 Rc8 37. Rd3 Qb6 38. Rb3 h6 39. h4 Rc4 40. Qe1 Rc2
41. Rc3 Rb2 42. Rc8+ Kh7 43. Rc4 Nd8 44. h5 Ne6 45. g3 Nd4 46. Qd1 Ne2+ 47. Kg2
Nf4+ 48. gxf4 Qxf2+ 49. Kh3 Qh2+ 50. Kg4 Qxf4+ 0-1

[Event "SC Heitersheim-Heilbronner SV"]
[Site "Osnabrück"]
[Date "2012.12.28"]
[Round "3.6"]
[White "Groß, Dennis"]
[Black "Ignatov, Dmitriy"]
[Result "0-1"]
[WhiteElo "1516"]
[BlackElo "1447"]
[PlyCount "104"]
[EventDate "2012.??.??"]
[WhiteTeam "SC Heitersheim"]
[BlackTeam "Heilbronner SV"]

1. d4 d5 2. Bf4 Nf6 3. e3 Bf5 4. Bd3 Bxd3 5. Qxd3 e6 6. Qb5+ Nbd7 7. Qxb7 Rb8
8. Qxa7 Rxb2 9. Qxc7 Qxc7 10. Bxc7 Rxc2 11. Ba5 Rc1+ 12. Kd2 Ba3 13. f3 Bb2 14.
Bc3 Bxc3+ 15. Kxc1 Bxa1 16. Na3 Ke7 17. Ne2 Rb8 18. Kd2 Bb2 19. Nc2 Nb6 20. Kd3
Nc4 21. e4 Ra8 22. exd5 exd5 23. Nf4 Ra4 24. Rb1 Kd6 25. h3 Rxa2 26. Nxd5 Na3
27. Nxa3 Rxa3+ 28. Kc2 Bxd4 29. Nf4 Nd5 30. Nxd5 Kxd5 31. Rb7 f5 32. Rf7 Ke6
33. Rf8 Ra2+ 34. Kd3 Be5 35. Rh8 Rxg2 36. Rxh7 Rg3 37. Ke3 Kf6 38. Rh8 Kg6 39.
Re8 Bf6 40. Rh8 Kf7 41. Kf2 g5 42. Kxg3 Bxh8 43. h4 gxh4+ 44. Kxh4 f4 45. Kg5
Be5 46. Kf5 Bc7 47. Kg5 Ke6 48. Kg4 Kd5 49. Kh3 Kd4 50. Kh2 Ke3 51. Kg2 Bd6 52.
Kf1 Kxf3 0-1

[Event "SC Vaterstetten-SV Schott Jena"]
[Site "Osnabrück"]
[Date "2012.12.28"]
[Round "3.1"]
[White "Saran, Bajar"]
[Black "Arndt, Dominik"]
[Result "1/2-1/2"]
[WhiteElo "1872"]
[BlackElo "1935"]
[PlyCount "58"]
[EventDate "2012.??.??"]
[WhiteTeam "SV Schott Jena"]
[BlackTeam "SC Vaterstetten"]

1. e4 c5 2. Ne2 g6 3. d4 cxd4 4. Nxd4 Bg7 5. c4 Nc6 6. Be3 Nf6 7. Nc3 O-O 8.
Be2 d6 9. O-O Bd7 10. Qd2 Nxd4 11. Bxd4 a6 12. f3 Rc8 13. Rac1 Be6 14. b3 Nd7
15. Bxg7 Kxg7 16. f4 f6 17. Bf3 Qa5 18. Qe2 b5 19. Nd5 bxc4 20. bxc4 Bxd5 21.
cxd5 Qa3 22. Rxc8 Rxc8 23. Bg4 Rc7 24. Bxd7 Rxd7 25. Kh1 Rc7 26. e5 fxe5 27.
fxe5 Rc1 28. exd6 Rxf1+ 29. Qxf1 exd6 1/2-1/2

[Event "SC Vaterstetten-SV Schott Jena"]
[Site "Osnabrück"]
[Date "2012.12.28"]
[Round "3.2"]
[White "Borchert, Finn"]
[Black "Osterloh, Felix"]
[Result "1/2-1/2"]
[WhiteElo "1890"]
[BlackElo "1817"]
[PlyCount "79"]
[EventDate "2012.??.??"]
[WhiteTeam "SC Vaterstetten"]
[BlackTeam "SV Schott Jena"]

1. e4 e5 2. Nc3 Nf6 3. f4 d5 4. fxe5 Nxe4 5. d3 Nxc3 6. bxc3 d4 7. Nf3 Nc6 8.
Be2 Be7 9. O-O O-O 10. Kh1 Re8 11. Qe1 dxc3 12. Qg3 Nd4 13. Nxd4 Qxd4 14. Be3
Qh4 15. Qf3 Rf8 16. d4 c6 17. Rab1 Rb8 18. Bf2 Qg5 19. Qxc3 Be6 20. Be3 Qg6 21.
Bd3 Qh5 22. Qd2 f6 23. Bf4 fxe5 24. Bxe5 Rxf1+ 25. Rxf1 Rf8 26. Rxf8+ Bxf8 27.
a4 Be7 28. h3 Qg5 29. Bf4 Qf6 30. Qe3 Bf7 31. Be5 Qg5 32. Bf4 Qf6 33. c3 Bd6
34. Bxd6 Qxd6 35. Qf3 Bd5 36. Qf5 g6 37. Qc8+ Qf8 38. Qxb7 Qf2 39. Qc8+ Kg7 40.
Qd7+ 1/2-1/2

[Event "SC Vaterstetten-SV Schott Jena"]
[Site "Osnabrück"]
[Date "2012.12.28"]
[Round "3.3"]
[White "Seifert, Michael"]
[Black "Nitsche-Hahn, Maxim"]
[Result "1/2-1/2"]
[WhiteElo "1723"]
[BlackElo "1821"]
[PlyCount "41"]
[EventDate "2012.??.??"]
[WhiteTeam "SV Schott Jena"]
[BlackTeam "SC Vaterstetten"]

1. Nf3 d5 2. g3 Nf6 3. Bg2 e6 4. O-O Be7 5. d3 O-O 6. Nbd2 b6 7. e4 dxe4 8.
dxe4 Bb7 9. Re1 Nxe4 10. Nxe4 Qxd1 11. Rxd1 Bxe4 12. c3 Na6 13. Bf4 Rfd8 14.
Nd4 Bxg2 15. Kxg2 Bd6 16. Nc6 Rd7 17. Ne5 Rdd8 18. Nc6 Rd7 19. Ne5 Rdd8 20. Nc6
Rd7 21. Ne5 1/2-1/2

[Event "SC Vaterstetten-SV Schott Jena"]
[Site "Osnabrück"]
[Date "2012.12.28"]
[Round "3.6"]
[White "Galensowske, Nikolas"]
[Black "Köhler, Daniel"]
[Result "1/2-1/2"]
[WhiteElo "1439"]
[BlackElo "1564"]
[PlyCount "63"]
[EventDate "2012.??.??"]
[WhiteTeam "SC Vaterstetten"]
[BlackTeam "SV Schott Jena"]

1. e4 e5 2. Nf3 Nc6 3. d4 exd4 4. Nxd4 Bc5 5. Be3 Qf6 6. Nb5 Bxe3 7. fxe3 Qd8
8. N1c3 a6 9. Nd4 Nge7 10. Bc4 d6 11. Rf1 Ne5 12. Bb3 Bd7 13. Qh5 N7g6 14.
O-O-O O-O 15. h3 Qh4 16. Qxh4 Nxh4 17. Rf2 Nhg6 18. Nf3 Nxf3 19. Rxf3 Ne5 20.
Rg3 Be6 21. Rf1 Bxb3 22. axb3 c6 23. Ne2 Rad8 24. Rf5 Rfe8 25. Nf4 Ng6 26. Nxg6
hxg6 27. Rf4 Rd7 28. Kd2 d5 29. exd5 Rxd5+ 30. Rd4 Red8 31. Kc3 Kf8 32. Rg5
1/2-1/2

[Event "SK Bebenhausen 1992-Hamburger SK von 183"]
[Site "Osnabrück"]
[Date "2012.12.28"]
[Round "3.2"]
[White "Braun, Georg"]
[Black "Meißner, Felix"]
[Result "0-1"]
[WhiteElo "2186"]
[BlackElo "2237"]
[PlyCount "104"]
[EventDate "2012.??.??"]
[WhiteTeam "SK Bebenhausen 1992"]
[BlackTeam "Hamburger SK von 1830"]

1. e4 c5 2. Nf3 d6 3. d4 cxd4 4. Nxd4 Nf6 5. Nc3 a6 6. h3 e6 7. g4 Be7 8. Bg2
Nfd7 9. O-O Nc6 10. Be3 Nxd4 11. Bxd4 O-O 12. a4 b6 13. e5 d5 14. f4 Bb7 15.
Kh1 Qc7 16. Qd2 Rac8 17. Rae1 Bc5 18. f5 Bxd4 19. Qxd4 Qd8 20. Qd2 Qh4 21. Rf4
Rfd8 22. Rd4 Qe7 23. Qf4 Kh8 24. g5 exf5 25. Qxf5 Nf8 26. h4 Ne6 27. Rxd5 Bxd5
28. Nxd5 Qf8 29. Qe4 b5 30. axb5 axb5 31. b3 Rc5 32. c4 bxc4 33. bxc4 Rb8 34.
Bf1 Qc8 35. Bd3 Nf8 36. Kh2 Rb2+ 37. Kg3 Rb3 38. Re3 Ra5 39. h5 Ra1 40. Kf2
Rb2+ 41. Be2 Rc1 42. Kg3 Rg1+ 43. Kh4 Ne6 44. h6 Rxg5 45. hxg7+ Rxg7 46. Nf6
Ng5 47. Qg4 Qc6 48. Nd5 Rd2 49. Rg3 Ne6 50. Qf3 Rd4+ 51. Kh5 Rxg3 52. Qf6+ Ng7+
0-1

[Event "SK Bebenhausen 1992-Hamburger SK von 183"]
[Site "Osnabrück"]
[Date "2012.12.28"]
[Round "3.3"]
[White "Doberitz, Paul"]
[Black "Wenninger, Philipp"]
[Result "1/2-1/2"]
[WhiteElo "2215"]
[BlackElo "2222"]
[PlyCount "141"]
[EventDate "2012.??.??"]
[WhiteTeam "Hamburger SK von 1830"]
[BlackTeam "SK Bebenhausen 1992"]

1. e4 c6 2. d4 d5 3. Nc3 dxe4 4. Nxe4 Bf5 5. Ng3 Bg6 6. h4 h6 7. Nf3 Nd7 8. h5
Bh7 9. Bd3 Bxd3 10. Qxd3 e6 11. Bd2 Ngf6 12. O-O-O Be7 13. Kb1 O-O 14. Ne4 Nxe4
15. Qxe4 Nf6 16. Qe2 Qd5 17. Be3 b5 18. Ne5 Bd6 19. Nd3 a5 20. g4 Nh7 21. f4 f6
22. Rhe1 Rfe8 23. Nc5 Re7 24. Bc1 Rae8 25. Ne4 Bc7 26. Rg1 Rf8 27. g5 fxg5 28.
fxg5 hxg5 29. Bxg5 Nxg5 30. Rxg5 Qd7 31. Qg2 Ref7 32. h6 Qxd4 33. Rxg7+ Kh8 34.
Re1 Be5 35. c3 Qd3+ 36. Ka1 Bxg7 37. hxg7+ Rxg7 38. Qh2+ Kg8 39. Qe5 Rg6 40. a3
b4 41. Qh5 Rg2 42. Qh6 Qd5 43. Nf6+ Rxf6 44. Qxf6 bxa3 45. Qxe6+ Qxe6 46. Rxe6
axb2+ 47. Ka2 a4 48. Re8+ Kf7 49. Ra8 Ke6 50. Rxa4 Kd5 51. Rd4+ Ke5 52. Rc4 Kd5
53. Rd4+ Kc5 54. Kb1 Re2 55. Rb4 Kd5 56. Rd4+ Kc5 57. Rb4 Rh2 58. Rd4 Rg2 59.
Rb4 Rd2 60. Rh4 Kd5 61. Rb4 c5 62. c4+ Kd4 63. Rxb2 Rd1+ 64. Kc2 Rh1 65. Rb3
Rh2+ 66. Kc1 Kxc4 67. Rg3 Kb4 68. Rf3 c4 69. Rg3 Rf2 70. Rh3 c3 71. Rh8 1/2-1/2